Identity of Eleutherodactylus vertebralis (<Boulengar>) with the description of a new species from Colombia and Ecuador (<Amphibia: Leptodactylidae>) (Registro nro. 9210)

Detalles MARC
000 -CABECERA
Campo de control 006470000a22001810004500
090 ## - CLASIFICACIÓN LOCAL
Colección AR
Consecutivo 00109
041 0# - IDIOMA
Código de idioma para texto/pista de sonido o título separado
100 1# - ASIENTO PRINCIPAL--NOMBRE PERSONAL
Nombre personal Lynch, John D.
245 10 - MENCION DE TITULO
Título Identity of Eleutherodactylus vertebralis (<Boulengar>) with the description of a new species from Colombia and Ecuador (<Amphibia: Leptodactylidae>)
650 14 - ASIENTO SECUNDARIO DE MATERIA - TERMINO TEMATICO
Término temático o nombre geográfico como elemento de entrada Anfibios
650 14 - ASIENTO SECUNDARIO DE MATERIA - TERMINO TEMATICO
Término temático o nombre geográfico como elemento de entrada Fauna
650 14 - ASIENTO SECUNDARIO DE MATERIA - TERMINO TEMATICO
Término temático o nombre geográfico como elemento de entrada Morfología
650 14 - ASIENTO SECUNDARIO DE MATERIA - TERMINO TEMATICO
Término temático o nombre geográfico como elemento de entrada Biología
651 #4 - ASIENTO SECUNDARIO DE MATERIA - NOMBRE GEOGRAFICO
-- Sierra Nevada de Santa Marta
-- Magdalena
-- Colombia
651 #4 - ASIENTO SECUNDARIO DE MATERIA - NOMBRE GEOGRAFICO
-- Inbabura, Cotopaxi
-- Ecuador
773 1# - Item fuente:
Título Journal of Herpetology
Especificación de materiales 49
Descripción física 4
Paginas del Articulo 411-418
Lugar, editorial y fecha de publicación 1979
Información sobre la relación 13
942 ## - ELEMENTOS ADICIONALES (KOHA)
Tipo de ítem Artículo
Existencias
Withdrawn status Lost status Sistema de Clasificación Damaged status No para préstamo Colección Ubicación Permanente Ubicación actual Fecha de adquisición Total Checkouts Número topográfico Inventario / Código de Barras Date last seen Ejemplar Price effective from Tipo de material
    Dewey Decimal Classification   No para Préstamo Hemeroteca Bogotá Bogotá 27/02/2015   AR 00109 Fuera de circulación 010340 25/03/2015 1 25/03/2015 Artículo